000 01136nam a2200205 i 4500
001 167448
003 ES-MaACL
005 20230906213530.0
008 050928q17591821sp | |||||||| ||spa d
040 _aCAM
_bspa
_cCAM
100 1 _aVidal y Feixas, Pablo.
_9133684
245 1 0 _aReflexiones de Pablo Vidàl y Feixas, Boticario Mayor del Hospital General de Santa Cruz de Barcelona sobre la memoria de las aguas minerales de la fuente de la Villa de Espluga de Francolí que dió al publico [sic] Jayme Menós.
260 _aBarcel :
_bpor Frncisco [ i. e. Francisco] Generas, impresor, vendese en su misma casa, Bajada de la Carcel,
_c[entre 1762 y 1766]
300 _a23 p. ;
_c4º.
596 _aFrancisco Generas ejerció ca. 1759-1821.
597 _aSign.: A¹².
600 1 4 _aMenós, Jayme.
_tMemoria de las aguas minerales de la fuente de la villa de Espluga de Francolí-
_xCrítica e interpretación.
_9129843
650 4 _aAguas minerales-
_zEspluga de Francolí (Barcelona)
_9135523
852 _aES-MaACL
_jR-3097(4)
_x Olim:T-627-F
_z-- Enc. pasta española, falto de la enc. original
_z-- Enc. en un vol. facticio
999 _c167448
_d167448